- Ruedas de la Serna, Jorge A.
Entry Nombre Personal
001 - NUMERO DE CONTROL
- campo de control: 48395
003 - IDENTIFICADOR DE NUMERO DE CONTROL
- campo de control: DLC
005 - FECHA Y HORA DE LA ÜLTIMA TRANSACCIÓN
- campo de control: 20230317134050.0
008 - DATOS DE LONGITUD FIJA
- campo de control de longitud fija: 820625n| acannaabn |a aaa
010 ## - NÚMERO DE CONTROL DE LA BIBLIOTECA DEL CONGRESO
- Número de control LC: n 82074227
035 ## - NUMERO DE CONTROL
- Número de control: (OCoLC)oca00770978
040 ## - FUENTE DE CATALOGACIÓN
- Agencia original de catalogación: DLC
- Lenguaje de catalogación: spa
- Agencia de transcripción: DLC
- Agencia que lo modifica: DLC
- Agencia que lo modifica: OCoLC
- Agencia que lo modifica: MX-MxUPN
100 1# - ENCABEZAMIENTO - NOMBRE PERSONAL
- Nombre personal: Ruedas de la Serna, Jorge A.
400 1# - VEÁSE - NOMBRE DE PERSONA
- Personal name: De la Serna, Jorge A. Ruedas
400 1# - VEÁSE - NOMBRE DE PERSONA
- Personal name: Ruedas, Jorge
400 1# - VEÁSE - NOMBRE DE PERSONA
- Personal name: Ruedas de la Serna, Jorge
670 ## - FUENTE EN LA QUE SE LOCALIZARON DATOS
- Cita de la fuente: Tablada, J.J. Obras, 1971- :
- Información localizada: v. 2, t.p. (Jorge Ruedas de la Serna)
670 ## - FUENTE EN LA QUE SE LOCALIZARON DATOS
- Cita de la fuente: Los orígenes de la visión ... 1987:
- Información localizada: portada (Jorge A. Ruedas de la Serna) solapa (nació en 1945 en México; profesor en la Facultad de Filosofía y Letras de la UNAM; licenciado en letras)
670 ## - FUENTE EN LA QUE SE LOCALIZARON DATOS
- Cita de la fuente: Arcádia, c1995:
- Información localizada: portada (Jorge Antonio Ruedas de la Serna)
670 ## - FUENTE EN LA QUE SE LOCALIZARON DATOS
- Cita de la fuente: Cuarenta años del Centro de Estudios Literarios: memoria, 2001:
- Información localizada: portada (Jorge Ruedas de la Serna, coordinador)
902 ## - CATALOGADOR
- Catalogador: Víctor Ruiz/170323
